Представление документа в формате MARC21

Поле Инд. ПП Название Значение
Тип записи a
Библиографический уровень b
001 Контрольный номер RU/IS/BASE/503144763
005 Дата корректировки 20220408115004.5
008 Кодируемые данные 20151211
040 b Код языка каталог. rus
e Правила каталог. PSBO
041 0_ a Код языка текста rus
084 a Индекс другой классификации/Индекс ББК 87.3(4Дан)5; 86.201
100 1_ a Автор Лунгина Д. А.
q Полное имя Лунгина Дарья Андреевна
245 10 a Заглавие Идея спасения в псевдонимных произведениях С. Керкегора
n Номер части/ раздела Очерк второй
p Название части/ раздела Анти-климакус как мыслитель модерна ("Болезнь к смерти")
504 a Библиография Библиогр. - Примеч.: с. 174
520 0_ a Аннотация В статье разбирается проблема спасения в первом из двух произведений Керкегора, вышедших под псевдонимом Анти-климакус, - "Болезнь к смерти" (1849). К рассмотрению привлекаются также работы периода столкновения с журналом "Корсар" (18946 - 49), в которых была впервые поставлена проблема публичности и массового общества. Попытки современного истолкования догмата о Царствии Небесном, предпринятые Керкегором на этом остро полемическом фоне, создали предпосылки для новаторских идей в области теологии
600 14 a Персоналии Кьеркегор Серен
650 14 a Основная рубрика история философии
a Основная рубрика религиоведение
a Основная рубрика религия
a Основная рубрика философия
a Основная рубрика философия религии
653 1_ a Ключевые слова "Болезнь к смерти"
a Ключевые слова XIX век
a Ключевые слова вечное блаженство
a Ключевые слова Дания
a Ключевые слова массовое общество
a Ключевые слова нигилизм
a Ключевые слова политика
a Ключевые слова правогегельянство
a Ключевые слова спасение души
a Ключевые слова теология
a Ключевые слова христианство
a Ключевые слова Царство Небесное
773 08 t Заглавие источника Вопросы философии
d Дата издания источника 2015
g Прочая информация № 3. - С. 167 - 174
w Контрольный № источника RU/IS/BASE/480789515
901 t Тип документа b